| 000 | 01173nac a22002891i 4500 | ||
|---|---|---|---|
| 003 | EG-ScBUE | ||
| 005 | 20260330095659.0 | ||
| 008 | 260314t1991 caua f b 001 0 eng d | ||
| 020 | _a0124749933 (pbk. : acid-free paper) | ||
| 040 |
_aEG-ScBUE _beng _erda _cEG-ScBUE _dEG-ScBUE |
||
| 082 | 0 | 4 |
_a591.188 _bLEA _222 |
| 245 | 0 | 0 |
_aLearning and memory : _ba biological view / _cedited by Joe L. Martinez, Jr., Department of Psychology, University of California, Berkeley, Berkeley, California, Raymond P. Kesner, Department of Psychology, University of Utah, Salt lake City, Utah. |
| 250 | _aSecond edition. | ||
| 264 | 1 |
_aSan Diego, California : _bAcademic Press, Inc., _c[1991] |
|
| 264 | 4 | _cc1991 | |
| 300 |
_axvii, 563 pages : _billustrations ; _c24 cm |
||
| 336 |
_2rdacontent _atext _btxt |
||
| 337 |
_aunmediated _2rdamedia _bn |
||
| 338 |
_avolume _bnc _2rdacarrier |
||
| 504 | _aIncludes bibliographical references and index. | ||
| 650 | 7 |
_aMemory _xPhysiological aspects. _2BUEsh |
|
| 650 | 7 |
_aLearning _xPhysiological aspects. _2BUEsh |
|
| 655 | _vReading book | ||
| 700 | 1 |
_aMartinez, Joe L., _eeditor. |
|
| 700 | 1 |
_aKesner, Raymond P., _eeditor. |
|
| 942 |
_cBB _2ddc |
||
| 999 |
_c5555 _d5555 |
||